[Event "Let's Play Chess!"]
[Site "http://www.queenalice.com/game.php?id=432202"]
[Date "2008.7.13"]
[Round "-"]
[White "CampbellMarcel"]
[Black "Enfim"]
[Result "1-0"]
[WhiteElo "1810"]
[BlackElo "1059"]

1. e4 Nf6 2. Nc3 a6 3. Nf3 b5 4. d4 d6 5. d5 h6 6. Bd3 Ng4 7. h3 h5 8. hxg4 Bxg4
9. Be3 c6 10. b4 c5 11. bxc5 b4 12. Na4 Qa5 13. Nb6 b3+ 14. Qd2 Qxd2+ 15. Nxd2
1-0

[Event "Challenge"]
[Site "http://www.queenalice.com/game.php?id=432390"]
[Date "2008.7.13"]
[Round "-"]
[White "Enfim"]
[Black "Peninha"]
[Result "0-1"]
[WhiteElo "1100"]
[BlackElo "1611"]

1. b3 e5 2. Nh3 Bc5 3. a3 d6 4. e3 Bd7 5. c4 Qf6 6. b4 Bb6 7. a4 c6 8. Nc3 Bf5
9. d4 exd4 10. exd4 Bxd4 11. Qe2+ Ne7 0-1

[Event "Challenge"]
[Site "http://www.queenalice.com/game.php?id=432396"]
[Date "2008.7.13"]
[Round "-"]
[White "Enfim"]
[Black "dallascow"]
[Result "0-1"]
[WhiteElo "1084"]
[BlackElo "1076"]

1. e3 Nc6 2. Bd3 g6 3. g3 Ne5 4. Be4 c6 5. Nc3 h5 6. b4 d5 7. Nxd5 cxd5 8. Bg2
Bg4 9. f3 Be6 10. Bb2 f6 11. Ne2 Nc4 12. Bc3 Qb6 13. h3 Nh6 14. Nd4 Bd7 15. Qe2
Na3 16. Rc1 Rc8 17. Bb2 Nc4 18. Ba1 Bg7 19. f4 O-O 20. g4 hxg4 21. hxg4 Qxb4 22.
Bxd5+ Kh8 23. Bc3 Qa3 24. Rd1 b5 25. Ra1 Bxg4 26. Nf3 Rfd8 27. Rxh6+ Bxh6 28.
Be4 Rc7 29. Bxg6 Rcd7 30. e4 Nb2 31. Rb1 Qxa2 32. Bxb2 Qxb1+ 33. Kf2 Qxb2 34. e5
fxe5 35. c4 Rxd2 36. Bc2 Bxf4 37. Bh7 Rxe2+ 0-1

[Event "Challenge"]
[Site "http://www.queenalice.com/game.php?id=432397"]
[Date "2008.7.13"]
[Round "-"]
[White "Enfim"]
[Black "SGrillo"]
[Result "0-1"]
[WhiteElo "1100"]
[BlackElo "1683"]

1. e3 e5 2. Bd3 d5 3. Bb5+ Bd7 4. a4 Bxb5 5. axb5 Qd7 6. Nc3 Bb4 7. Na4 Qxb5 8.
Ne2 Nf6 9. Nec3 Bxc3 10. Nxc3 Qd7 11. Ra4 O-O 12. e4 d4 13. Nd5 Qxa4 14. b3 Qc6
15. g3 Nxd5 16. h4 Nb4 17. Ba3 Nxc2+ 18. Kf1 Nxa3 19. d3 Qc2 20. Ke1 Qxd1+ 21.
Kxd1 Na6 22. h5 Nb4 23. h6 Nxd3 24. f3 Nf2+ 25. Kd2 Nxh1 0-1

[Event "Challenge"]
[Site "http://www.queenalice.com/game.php?id=432440"]
[Date "2008.7.13"]
[Round "-"]
[White "Enfim"]
[Black "filatelista"]
[Result "0-1"]
[WhiteElo "1100"]
[BlackElo "1947"]

1. d4 d5 2. Nf3 Bg4 3. h3 Bh5 4. g4 Bg6 5. Nc3 h6 6. Bf4 a6 7. b4 e6 8. Rb1 Nf6
9. a3 Be7 10. Qd2 Nc6 11. e3 Ne4 12. Nxe4 Bxe4 13. h4 Bxf3 14. Rg1 Bxh4 15. c3
Bg5 16. a4 Be4 17. Rb3 Bxf4 18. exf4 Qf6 19. Kd1 Ne7 20. b5 b6 21. Qe2 Qxf4 22.
c4 a5 0-1

[Event "AUTO-OPEN-1195"]
[Site "http://www.queenalice.com/game.php?id=432518"]
[Date "2008.7.13"]
[Round "1"]
[White "Enfim"]
[Black "yanpom"]
[Result "0-1"]
[WhiteElo "1100"]
[BlackElo "1926"]

1. f3 e5 2. Nc3 d5 3. d4 exd4 4. Qxd4 Nf6 5. Qa4+ Bd7 6. Nb5 a6 7. e3 Bc6 8. Bd2
Nbd7 9. Ne2 Bxb5 10. Qf4 Bd6 11. Qg5 O-O 12. g3 h6 13. Qh4 Be7 14. a3 Ne4 15.
Ba5 Bxh4 16. Rd1 Bxg3+ 17. Nxg3 Nxg3 18. hxg3 Bxf1 19. Rxf1 b6 20. Bc3 Nc5 21.
Kf2 Qd7 22. b4 Na4 23. Bxg7 Kxg7 24. g4 h5 25. gxh5 Qh3 26. Ke1 Qg3+ 27. Rf2
Rfe8 28. Rxd5 Rxe3+ 29. Kf1 Rae8 30. Rf5 Re1# 0-1

[Event "AUTO-OPEN-1195"]
[Site "http://www.queenalice.com/game.php?id=432519"]
[Date "2008.7.13"]
[Round "1"]
[White "yanpom"]
[Black "Enfim"]
[Result "1-0"]
[WhiteElo "1926"]
[BlackElo "1084"]

1. e4 f6 2. d4 Nc6 3. Nf3 d6 4. Bb5 a6 5. Ba4 h6 6. d5 Qd7 7. dxc6 bxc6 8. O-O
Kd8 9. Nd4 Bb7 10. Bb3 d5 11. exd5 cxd5 12. Nc3 e5 13. Nf3 Ne7 14. Re1 Nc6 15.
Bxd5 Bc5 16. Bxc6 Bxc6 17. Qxd7+ Kxd7 18. Rd1+ Kc8 19. Be3 Bd6 20. Nd2 g5 21.
Nde4 Bb4 22. Nxf6 Be7 23. Nh5 Rf8 24. Nd5 a5 25. Nxe7+ Kb7 26. Nxc6 g4 27. Nxe5
Rae8 28. Nxg4 Rg8 29. Nhf6 Rxe3 30. Nxe3 1-0

[Event "AUTO-OPEN-1195"]
[Site "http://www.queenalice.com/game.php?id=432520"]
[Date "2008.7.13"]
[Round "1"]
[White "Enfim"]
[Black "serse"]
[Result "0-1"]
[WhiteElo "1084"]
[BlackElo "2257"]

1. f4 d5 2. d3 Nf6 3. h3 Nh5 4. e3 Ng3 5. Nd2 Nxh1 6. Ngf3 c5 7. d4 cxd4 8. Nxd4
e5 9. fxe5 Qh4+ 10. Ke2 Qf2+ 11. Kd3 Ng3 12. c3 Bf5+ 13. Nxf5 Qxf5+ 14. e4 dxe4+
15. Nxe4 Qxe4+ 16. Kd2 Nc6 0-1

[Event "AUTO-OPEN-1195"]
[Site "http://www.queenalice.com/game.php?id=432521"]
[Date "2008.7.13"]
[Round "1"]
[White "serse"]
[Black "Enfim"]
[Result "1-0"]
[WhiteElo "2238"]
[BlackElo "1100"]

1. e4 Nc6 2. d4 e5 3. dxe5 Nxe5 4. Nf3 Qe7 5. Nc3 h6 6. Nd5 Qd6 7. Bf4 f6 8.
Nxe5 Qb4+ 9. Nxb4 d6 10. Qh5+ Ke7 11. Qf7+ Kd8 12. Qxf8# 1-0

[Event "Challenge"]
[Site "http://www.queenalice.com/game.php?id=433109"]
[Date "2008.7.14"]
[Round "-"]
[White "Enfim"]
[Black "geesnode"]
[Result "0-1"]
[WhiteElo "1059"]
[BlackElo "1564"]

1. d4 Nf6 2. e3 g6 3. Nd2 Bg7 4. a3 O-O 5. f4 d6 6. Nb3 Nbd7 7. Bc4 e5 8. dxe5
dxe5 9. g4 exf4 10. Nc5 Nxc5 11. Ne2 Bxg4 12. b4 Ncd7 13. Nxf4 Bxd1 14. Kxd1
Ne5+ 15. Bd3 Nfg4 16. h3 Nf2+ 0-1

[Event "AUTO-OPEN-1197"]
[Site "http://www.queenalice.com/game.php?id=433408"]
[Date "2008.7.15"]
[Round "1"]
[White "Romerflu"]
[Black "Enfim"]
[Result "1-0"]
[WhiteElo "1553"]
[BlackElo "1100"]

1. e4 Nc6 2. d4 h6 3. Nf3 a6 4. d5 Nb4 5. c3 a5 6. cxb4 d6 7. bxa5 Rxa5 8. Bd2
Rc5 9. b4 b6 10. bxc5 dxc5 11. Bb5+ Bd7 12. Bxd7+ Qxd7 13. O-O Kd8 14. Ne5 Qe6
15. dxe6 fxe6 16. Nf7+ Kc8 17. Nxh8 e5 18. Ng6 Nf6 19. Nxf8 Nxe4 20. Qg4+ Kb7
21. Qxe4+ c6 22. Ne6 Ka6 23. Nc7+ Kb7 24. Qxe5 g6 25. Bxh6 c4 26. Qxe7 c5 27.
Rc1 b5 28. Qxc5 Kc8 29. Nxb5+ 1-0

[Event "AUTO-OPEN-1197"]
[Site "http://www.queenalice.com/game.php?id=433409"]
[Date "2008.7.15"]
[Round "1"]
[White "Enfim"]
[Black "Romerflu"]
[Result "0-1"]
[WhiteElo "1100"]
[BlackElo "1584"]

1. d4 d5 2. h3 Nc6 3. Nc3 e6 4. f4 Bb4 5. a3 Bxc3+ 6. bxc3 Qh4+ 7. Kd2 Qxf4+ 8.
e3 Qd6 9. Nf3 e5 10. dxe5 Nxe5 11. h4 Nc4+ 12. Ke2 Bg4 13. Rb1 Bxf3+ 14. Kxf3
Ne5+ 15. Kf2 Nf6 16. Rxb7 Ne4+ 17. Ke2 Nxc3+ 18. Ke1 Nxd1 19. Kxd1 O-O 20. h5
Nc4 21. Rb3 Rfe8 22. Ke1 d4 23. Bxc4 dxe3 24. Rxe3 Rxe3+ 25. Bxe3 Re8 26. Rh3
Qxa3 27. Kd2 Qb4+ 28. Kd3 a5 29. Bd4 c5 30. Rg3 cxd4 31. Rg4 Qc3# 0-1

[Event "AUTO-OPEN-1197"]
[Site "http://www.queenalice.com/game.php?id=433432"]
[Date "2008.7.15"]
[Round "1"]
[White "Velasquez"]
[Black "Enfim"]
[Result "1-0"]
[WhiteElo "1809"]
[BlackElo "1100"]

1. c4 e6 2. d4 h6 3. Nf3 Nc6 4. e4 Bb4+ 5. Nc3 Nge7 6. Be2 Ng6 7. O-O h5 8. e5
f5 9. Nb5 Nce7 10. a3 Ba5 11. b4 Bb6 12. c5 Nd5 13. cxb6 Nxb6 14. Bg5 Ne7 15.
Rc1 Nc4 16. Rxc4 c6 17. Nd6+ Kf8 18. Bh4 f4 19. Qd2 b5 20. Qxf4+ Nf5 21. Bxd8 g6
22. Qg5 Ba6 23. Qxg6 bxc4 24. Qf7# 1-0

[Event "AUTO-OPEN-1197"]
[Site "http://www.queenalice.com/game.php?id=433433"]
[Date "2008.7.15"]
[Round "1"]
[White "Enfim"]
[Black "Velasquez"]
[Result "0-1"]
[WhiteElo "1100"]
[BlackElo "1803"]

1. e4 e6 2. Be2 d5 3. Bb5+ c6 4. Ba4 dxe4 5. Nc3 Nf6 6. Nge2 Bd6 7. g3 O-O 8.
Nf4 a5 9. d4 b5 10. Bb3 a4 11. Bxa4 bxa4 12. Nxa4 Rxa4 13. a3 Qb6 14. b3 Rxd4
15. Nd3 Rd5 16. f4 exd3 17. cxd3 Ne4 18. b4 Qf2# 0-1